000 01176njm a2200277 i 4500
001 4688
003 ES-MaACL
005 20250822053927.0
007 s|r|||||||||||
008 070807s1967 sp ||| g ||||||||1|nspa d
100 1 _aConde, Carmen,
_d1907-1996
_940088
245 1 0 _aCarmen Conde, selección de poemas y resumen crítico por Dámaso Santos
_h[Grabación sonora] /
_cintervienen Carmen Conde, Dámaso Santos.
260 _aMadrid :
_bAteneo de Madrid,
_c1967.
300 _a1 disco (CD-DA) (1 h. 14 min. 48 seg.) ;
_c12 cm.
490 1 _aLecturas poéticas
500 _aDatos basados en la invitación.
518 _aActo organizado por el Aula de Poesía del Ateneo de Madrid, grabado el jueves 9 de noviembre de 1967.
600 1 4 _aConde, Carmen,
_d1907-1996-
_xCrítica e interpretación
_940089
610 2 4 _aAteneo de Madrid-
_xActos culturales-
_y1967-
_vGrabaciones sonoras.
_91881
700 1 _aSantos, Dámaso,
_d1918-2000
_9103466
710 2 _aAteneo de Madrid.
_bAula de Poesía.
_91949
830 0 0 _aLecturas poéticas (Ateneo de Madrid)
_9177095
852 _aES-MaACL
_jROT 3/3/15
_94805
_cROT
942 _2udc
999 _c4688
_d4688